000 00252pam a2200121 a 4500
020 _c
041 _h
100 _aR. K. Luna,
_eAuthor.
245 _aThe Big Grain Drain
_hTextual Documents
260 _a[s.l]:
_bNa
300 _a375.
930 _a2330
999 _c248181
_d248181